000 00459nam a2200193Ia 4500
005 20240823052236.0
008 240823s9999||||xx |||||||||||||| ||und||
020 _a978-0-19-809944-4
041 _aENGLISH
082 _A891.4424 Q4
100 _aRabindranath Tagore
245 0 _aChirakumar Sabha
250 _a1st
260 _c2014
_bOxford University
_aNew Delhi
500 _aYES
650 _aGeneral
_bGeneral
942 _cBK
999 _c221414
_d221414